000
00236 a2200097 4500
001
6988
100
_a
Immamuddin, S.M
245
_a
Modern history of the middle east and north Africa
260
_a
_b
Najmah Sons
_c
090
_c
5771
_d
5771
942
_a
NUST-CAE
_c
M
_c
32235
999
_c
242061
_d
242061